Power of positive doing : 12 strategies for taking control of your life.
| Main Author: | |
|---|---|
| Format: | Book |
| Published: |
Kuala Lumpur :
Goldden Books Centre ,
2005
|
| Subjects: |
MARC
| LEADER | 00000cam a2200000 7i4500 | ||
|---|---|---|---|
| 001 | 0000003359 | ||
| 005 | 20050824.0 | ||
| 020 | 0 | 0 | |a 9837205431 |
| 090 | 0 | 0 | |a 158.1 |b BUR |
| 100 | 1 | 0 | |a Burnell, Ivan. |
| 245 | 1 | 0 | |a Power of positive doing : |b 12 strategies for taking control of your life. |c by Ivan Burnell. |
| 260 | 0 | 0 | |a Kuala Lumpur : |b Goldden Books Centre , |c 2005 |
| 300 | |a viii, 232 p. : |b ill. ; |c 24 cm. | ||
| 650 | 0 | 0 | |a Success |x Psychological aspects |
| 999 | |a 0000006287 |b Monograph |c Open Shelf |e Default branch | ||